[Event "Villa Ballester op 69th"]
[Site "Villa Ballester"]
[Date "2019.01.16"]
[Round "1"]
[White "Rebottaro, Hector Javier"]
[Black "Gil Garrote, Marcelo"]
[Result "1-0"]
[WhiteElo "2185"]
[BlackElo "1753"]
[PlyCount "99"]
[EventDate "2019.01.16"]
[EventType "swiss"]
[EventRounds "9"]
[EventCountry "ARG"]
[SourceTitle "CBM 188 Extra"]
[Source "ChessBase"]
[SourceDate "2019.02.26"]
[SourceVersion "1"]
[SourceVersionDate "2019.02.26"]
[SourceQuality "1"]

1. e4 Nf6 2. e5 Nd5 3. d4 d6 4. c4 Nb6 5. exd6 exd6 6. Nf3 Bg4 7. Be2 Nc6 8. b3 Be7 9. Bb2 Bf6 10. 0-0 0-0 11. Re1 Re8 12. Nbd2 Bf5 13. a3 a5 14. Nf1 Ne7 15. Qd2 d5 16. c5 Nd7 17. Ng3 Bg4 18. h3 Bxf3 19. Bxf3 g6 20. b4 c6 21. Bc3 b6 22. Bg4 bxc5 23. bxc5 Bg7 24. Bxd7 Qxd7 25. Rad1 a4 26. Qc2 Reb8 27. Rb1 Rb5 28. Qe2 Rxb1 29. Rxb1 Nf5 30. Nxf5 gxf5 31. Rb6 Re8 32. Qf3 Qe6 33. Rb4 Ra8 34. Qe3 Qe4 35. Rb6 Rc8 36. Qxe4 fxe4 37. Ra6 Kf8 38. Rxa4 Rb8 39. Bd2 Ke7 40. Be3 Rb7 41. g4 Kd7 42. Kg2 Ke6 43. Ra6 Kd7 44. Kg3 Rb1 45. Ra7+ Ke6 46. Rc7 Ra1 47. Rxc6+ Kd7 48. Rd6+ Kc7 49. Rxd5 Rxa3 50. Kf4 1-0

[Event "Latin Cup-A 6th"]
[Site "Buenos Aires"]
[Date "2015.03.21"]
[Round "3"]
[White "Gil Garrote, Marcelo"]
[Black "Boff, Andre Ricardo"]
[Result "0-1"]
[WhiteElo "1735"]
[BlackElo "1962"]
[PlyCount "52"]
[EventDate "2015.03.19"]
[EventType "swiss"]
[EventRounds "9"]
[EventCountry "ARG"]
[SourceTitle "CBM 165 Extra"]
[Source "ChessBase"]
[SourceDate "2015.04.21"]
[SourceVersion "1"]
[SourceVersionDate "2015.04.21"]
[SourceQuality "1"]

1. d4 f5 2. Nf3 g6 3. c4 Nf6 4. Nc3 Bg7 5. g3 0-0 6. Bg2 d6 7. 0-0 a5 8. Bf4 Na6 9. Qd2 Re8 10. Rfe1 c6 11. e4 fxe4 12. Nxe4 Nxe4 13. Rxe4 Bf5 14. Re2 Qc7 15. a3 e5 16. Rae1 Red8 17. Bh6 e4 18. Nh4 d5 19. Nxf5 gxf5 20. Bf4 Qf7 21. c5 Nc7 22. Bh3 Ne6 23. Be3 Qh5 24. Bg2 Rf8 25. Rd1 f4 26. gxf4 Qg4 0-1